[Event "4. Open Hotel Avenida de Canarias 2010"]
[Site "Vecindario ESP"]
[Date "2010.07.20"]
[Round "4.18"]
[White "Martin Hernandez, Ruben"]
[Black "Bressac, Stephane"]
[Result "1-0"]
[WhiteElo "1988"]
[BlackElo "2190"]
[PlyCount "109"]
[EventDate "2010.07.18"]
[EventType "swiss"]
[EventRounds "9"]
[EventCountry "ESP"]
[Source "lmi"]
[SourceDate "2010.07.18"]

1. d4 Nf6 2. c4 g6 3. Nc3 d5 4. Nf3 Bg7 5. Qb3 dxc4 6. Qxc4 O-O 7. e4 Nc6 8. e5
Be6 9. exf6 Bxc4 10. fxg7 Kxg7 11. Bxc4 Nxd4 12. Nxd4 Qxd4 13. Bb3 e5 14. Be3
Qg4 15. O-O f5 16. f4 Rad8 17. Nd5 Kh8 18. fxe5 c6 19. Nf4 Rfe8 20. h3 Qh4 21.
Ne6 Rd3 22. Bg5 Qb4 23. Bf6+ Kg8 24. Nc5+ Rxb3 25. Nxb3 a5 26. Rad1 a4 27. Nd4
Qxb2 28. Rf2 Qb6 29. Nf3 h6 30. Nh4 Kf7 31. g4 fxg4 32. Bd8+ Qxf2+ 33. Kxf2
Rxe5 34. hxg4 Rb5 35. Nf3 Ke8 36. Bc7 Rb4 37. Kg3 h5 38. gxh5 gxh5 39. Rd4 Rb2
40. Rxa4 b5 41. Ra7 b4 42. Bd6 b3 43. axb3 Rxb3 44. Kf4 Rd3 45. Be5 Rd7 46. Ra6
Rf7+ 47. Ke4 Kd7 48. Ng5 Re7 49. Kf5 c5 50. Kf6 Re8 51. Rd6+ Kc7 52. Ne6+ Kc8
53. Nxc5 Rf8+ 54. Ke7 Rf5 55. Rc6# 1-0

[Event "4. Open Hotel Avenida de Canarias 2010"]
[Site "Vecindario ESP"]
[Date "2010.07.20"]
[Round "4.19"]
[White "Mayor Gonzalez, Julio"]
[Black "Angel Acosta, Juan Carlos"]
[Result "0-1"]
[WhiteElo "1918"]
[BlackElo "2160"]
[PlyCount "120"]
[EventDate "2010.07.18"]
[EventType "swiss"]
[EventRounds "9"]
[EventCountry "ESP"]
[Source "lmi"]
[SourceDate "2010.07.18"]

1. d4 Nf6 2. Nf3 e6 3. e3 b6 4. Bd3 Bb7 5. Nbd2 Be7 6. O-O d5 7. Ne5 O-O 8. f4
Ne4 9. f5 exf5 10. Rxf5 g6 11. Rf1 Nd7 12. Ndf3 Nxe5 13. Nxe5 Bd6 14. Nf3 Qe7
15. c4 dxc4 16. Bxc4 Rad8 17. Qb3 c5 18. a4 Bc7 19. a5 Ng5 20. Ne5 Bxe5 21.
dxe5 Qxe5 22. Qc2 Ne4 23. axb6 axb6 24. Ra7 Nd6 25. Be2 Be4 26. Qc3 Qg5 27. Rf2
b5 28. b4 cxb4 29. Qxb4 Nc4 30. Qe7 Qxe7 31. Rxe7 Bd3 32. Bf3 Rfe8 33. Rxe8+
Rxe8 34. Bd5 Nd6 35. Ba3 Rxe3 36. g3 Nf5 37. Bb4 Bc4 38. g4 Nd4 39. Bb7 Rb3 40.
Bd6 Rb1+ 41. Kg2 Ne6 42. Rd2 Rb3 43. Kf2 Rd3 44. Rxd3 Bxd3 45. Ke3 Bc4 46. Kd2
f6 47. Bc8 Kf7 48. Kc3 Be2 49. Bd7 h6 50. Kd2 Bxg4 51. Bxb5 Ng5 52. Ke3 Bh3 53.
Bc6 h5 54. Bd5+ Be6 55. Bg2 Ba2 56. Bg3 Ne6 57. h4 Ng7 58. Kf4 Ne6+ 59. Ke3 g5
60. Be4 Ng7 0-1

[Event "4. Open Hotel Avenida de Canarias 2010"]
[Site "Vecindario ESP"]
[Date "2010.07.20"]
[Round "4.20"]
[White "Inigo Munoz, Javier"]
[Black "Marrero Lopez, Agustin"]
[Result "1-0"]
[WhiteElo "2144"]
[BlackElo "1869"]
[PlyCount "65"]
[EventDate "2010.07.18"]
[EventType "swiss"]
[EventRounds "9"]
[EventCountry "ESP"]
[Source "lmi"]
[SourceDate "2010.07.18"]

1. d4 d5 2. e3 e6 3. Bd3 Nf6 4. Nd2 c5 5. c3 Nc6 6. f4 c4 7. Bc2 Be7 8. Ngf3 b5
9. Ne5 Bb7 10. O-O h6 11. Qf3 O-O 12. Qh3 Bd6 13. g4 Nh7 14. g5 Bxe5 15. dxe5
Nxe5 16. gxh6 Nd3 17. Nf3 g6 18. Nd4 Nxc1 19. Raxc1 a6 20. Rf2 Qf6 21. Qg3 Kh8
22. Nf3 Rg8 23. h4 a5 24. Ne5 b4 25. Kh2 Rad8 26. Rg1 Qe7 27. Kh3 Qf6 28. Qg4
Bc8 29. Rfg2 Rdf8 30. Qg3 Qe7 31. Bxg6 fxg6 32. Qxg6 Qxh4+ 33. Kxh4 1-0

[Event "4. Open Hotel Avenida de Canarias 2010"]
[Site "Vecindario ESP"]
[Date "2010.07.20"]
[Round "4.21"]
[White "Diaz Suarez, Cayetano"]
[Black "Villavicencio Martinez, Carlos"]
[Result "0-1"]
[WhiteElo "1847"]
[BlackElo "2134"]
[PlyCount "60"]
[EventDate "2010.07.18"]
[EventType "swiss"]
[EventRounds "9"]
[EventCountry "ESP"]
[Source "lmi"]
[SourceDate "2010.07.18"]

1. e4 c5 2. Nc3 e6 3. g3 Nc6 4. Bg2 g6 5. d3 Bg7 6. f4 Nge7 7. Nf3 O-O 8. O-O
d5 9. Ne2 dxe4 10. dxe4 b6 11. c3 Ba6 12. Kf2 e5 13. Be3 f5 14. Qxd8 Raxd8 15.
Rfd1 fxe4 16. Ng5 exf4 17. gxf4 Bh6 18. Rxd8 Nxd8 19. Nxe4 Ne6 20. Re1 Nd5 21.
Nxc5 Ndxf4 22. Bxf4 Nxf4 23. Nxf4 bxc5 24. Bd5+ Kh8 25. Kg2 Bxf4 26. Re7 Bb8
27. c4 Bc8 28. a3 a6 29. b4 cxb4 30. axb4 Bd6 0-1

[Event "4. Open Hotel Avenida de Canarias 2010"]
[Site "Vecindario ESP"]
[Date "2010.07.20"]
[Round "4.22"]
[White "Gonzalez Perez, Lutgarda"]
[Black "Perez Castellano, Susana"]
[Result "1-0"]
[WhiteElo "2133"]
[BlackElo "1794"]
[PlyCount "56"]
[EventDate "2010.07.18"]
[EventType "swiss"]
[EventRounds "9"]
[EventCountry "ESP"]
[Source "lmi"]
[SourceDate "2010.07.18"]

1. d4 Nf6 2. Nf3 c5 3. c3 Qc7 4. g3 b6 5. Bg2 Bb7 6. O-O g6 7. Bf4 d6 8. Qb3
Bg7 9. dxc5 Qxc5 10. Be3 Qc7 11. Na3 O-O 12. Nb5 Qc8 13. Rfd1 Nc6 14. Rac1 Na5
15. Qb4 Nd5 16. Qh4 Nxe3 17. fxe3 Re8 18. Rf1 h6 19. Bh3 Qc4 20. Qxc4 Nxc4 21.
Nc7 Nxe3 22. Rfe1 f5 23. Nxa8 Rxa8 24. Kf2 Nd5 25. Bg2 g5 26. Nd4 h5 27. Nf3
Bf8 28. e4 e6 1-0

[Event "4. Open Hotel Avenida de Canarias 2010"]
[Site "Vecindario ESP"]
[Date "2010.07.20"]
[Round "4.23"]
[White "Marrero Cardenes, Agustin"]
[Black "Hernandez Leon, Sergio"]
[Result "0-1"]
[WhiteElo "1788"]
[BlackElo "2131"]
[PlyCount "74"]
[EventDate "2010.07.18"]
[EventType "swiss"]
[EventRounds "9"]
[EventCountry "ESP"]
[Source "lmi"]
[SourceDate "2010.07.18"]

1. d4 d5 2. c4 c6 3. Nf3 e6 4. Nc3 dxc4 5. e3 b5 6. Ne5 Bb7 7. a4 Bb4 8. Bd2
Nf6 9. axb5 Bxc3 10. Bxc3 cxb5 11. b3 a5 12. bxc4 b4 13. Bd2 O-O 14. Bd3 Bxg2
15. Rg1 Bb7 16. Ke2 Ne4 17. f3 Nxd2 18. Kxd2 Nc6 19. f4 Qh4 20. Qe2 f5 21. Qg2
Qf6 22. Nd7 Qe7 23. Nxf8 Nxd4 24. Qxg7+ Qxg7 25. Rxg7+ Kxg7 26. exd4 Kxf8 27.
Bc2 Bc6 28. Ba4 Be4 29. Rc1 Rb8 30. Bb5 Ke7 31. Ra1 Rg8 32. Rxa5 Rg2+ 33. Ke3
b3 34. Ra7+ Kf8 35. Rc7 b2 36. Rc8+ Kg7 37. Rc7+ Kh8 0-1

[Event "4. Open Hotel Avenida de Canarias 2010"]
[Site "Vecindario ESP"]
[Date "2010.07.20"]
[Round "4.24"]
[White "Aleman Alamo, Nicolas"]
[Black "Majul, Isolina"]
[Result "0-1"]
[WhiteElo "1681"]
[BlackElo "2099"]
[PlyCount "50"]
[EventDate "2010.07.18"]
[EventType "swiss"]
[EventRounds "9"]
[EventCountry "ESP"]
[Source "lmi"]
[SourceDate "2010.07.18"]

1. d4 Nf6 2. c4 g6 3. Nc3 Bg7 4. Nf3 O-O 5. Bf4 d6 6. e3 Nc6 7. Be2 Nh5 8. Bg3
f5 9. Bh4 Qd7 10. Nd2 Nf6 11. Bxf6 Bxf6 12. Nf3 e5 13. d5 Nb8 14. Qd2 a5 15. h3
Qg7 16. Nh2 Na6 17. O-O Nc5 18. Nf3 Kh8 19. Qc2 Rg8 20. Nd2 g5 21. Kh1 Qh6 22.
Kg1 g4 23. hxg4 fxg4 24. Nde4 Bf5 25. f3 g3 0-1

[Event "4. Open Hotel Avenida de Canarias 2010"]
[Site "Vecindario ESP"]
[Date "2010.07.20"]
[Round "4.26"]
[White "Gutierrez Olivares, Daniel"]
[Black "Monzon Aleman, Ayoze"]
[Result "1-0"]
[WhiteElo "2167"]
[BlackElo "1750"]
[PlyCount "49"]
[EventDate "2010.07.18"]
[EventType "swiss"]
[EventRounds "9"]
[EventCountry "ESP"]
[Source "lmi"]
[SourceDate "2010.07.18"]

1. e4 c6 2. d4 d5 3. f3 dxe4 4. fxe4 e5 5. Nf3 exd4 6. Bc4 h6 7. O-O Nf6 8. Ne5
Be6 9. Bxe6 fxe6 10. Ng6 Rg8 11. e5 Nd5 12. Qf3 Be7 13. c4 dxc3 14. Nxc3 Na6
15. Nxd5 cxd5 16. Qf7+ Kd7 17. b3 Nb4 18. Ba3 Nc6 19. Rac1 Qb6+ 20. Bc5 Qd8 21.
Bxe7 Nxe7 22. Nxe7 Qb6+ 23. Kh1 Rgf8 24. Nxd5+ Rxf7 25. Nxb6+ 1-0

[Event "4. Open Hotel Avenida de Canarias 2010"]
[Site "Vecindario ESP"]
[Date "2010.07.20"]
[Round "4.27"]
[White "Lopez Colon, Francisco"]
[Black "Aguila Hernandez, Eduardo"]
[Result "1-0"]
[WhiteElo "2152"]
[BlackElo "1734"]
[PlyCount "62"]
[EventDate "2010.07.18"]
[EventType "swiss"]
[EventRounds "9"]
[EventCountry "ESP"]
[Source "lmi"]
[SourceDate "2010.07.18"]

1. d4 d5 2. c4 e6 3. Nc3 Nf6 4. Bg5 Nbd7 5. e3 c6 6. Nf3 Qa5 7. Bxf6 Nxf6 8.
Nd2 Bd6 9. Qc2 O-O 10. Bd3 e5 11. Nb3 Qd8 12. cxd5 exd4 13. Nxd4 cxd5 14. h3 a6
15. O-O h6 16. Rfd1 b5 17. Qb3 Bb7 18. a4 b4 19. Nce2 Nd7 20. Nf5 Ne5 21. Nxd6
Qxd6 22. Be4 Nc4 23. Bf3 Qc5 24. Rac1 Rac8 25. Rd4 f5 26. Rcd1 Rfd8 27. Nf4 Nb6
28. Ne6 Qa5 29. Nxd8 Rxd8 30. Rxb4 Rd6 31. Rc1 Bc6 1-0

[Event "4. Open Hotel Avenida de Canarias 2010"]
[Site "Vecindario ESP"]
[Date "2010.07.20"]
[Round "4.28"]
[White "Ramirez Medina, Victor"]
[Black "Stojanovic, Marija R"]
[Result "1/2-1/2"]
[WhiteElo "1794"]
[BlackElo "2151"]
[PlyCount "107"]
[EventDate "2010.07.18"]
[EventType "swiss"]
[EventRounds "9"]
[EventCountry "ESP"]
[Source "lmi"]
[SourceDate "2010.07.18"]

1. e4 c5 2. Nf3 d6 3. d4 cxd4 4. Nxd4 Nf6 5. Nc3 e6 6. Be3 Be7 7. Be2 a6 8. a4
Nc6 9. O-O Qc7 10. f4 O-O 11. Bf3 Bd7 12. Kh1 Nxd4 13. Bxd4 e5 14. Be3 exf4 15.
Bxf4 Bc6 16. Qd3 Nd7 17. b4 Ne5 18. Bxe5 dxe5 19. b5 Bd7 20. Nd5 Qc5 21. Nxe7+
Qxe7 22. Qd5 Rab8 23. Be2 Rfc8 24. Bd3 Rc5 25. Qb3 Be6 26. Qb4 Qc7 27. Rab1 a5
28. Qd2 b6 29. Rbc1 Bc4 30. Rf3 Rd8 31. Rd1 Rd4 32. Kg1 Be6 33. Rg3 g6 34. h4
Qe7 35. Qh6 Rc3 36. h5 Qh4 37. Qg5 Qxg5 38. Rxg5 Rc5 39. Ra1 Kg7 40. hxg6 hxg6
41. Ra3 Bc4 42. Kf2 Bxd3 43. cxd3 Kf6 44. Rg3 Rc2+ 45. Ke3 Rb4 46. Rf3+ Ke6 47.
Rf2 Rbb2 48. Rxc2 Rxc2 49. g4 Kd6 50. Ra1 Ke6 51. Rf1 f6 52. Ra1 Kd6 53. Rf1
Ke6 54. Ra1 1/2-1/2

[Event "4. Open Hotel Avenida de Canarias 2010"]
[Site "Vecindario ESP"]
[Date "2010.07.20"]
[Round "4.29"]
[White "Gonzalez Intelangelo, Gerardo"]
[Black "Ruiz Delgado, Basilio"]
[Result "1/2-1/2"]
[WhiteElo "2104"]
[BlackElo "1720"]
[PlyCount "65"]
[EventDate "2010.07.18"]
[EventType "swiss"]
[EventRounds "9"]
[EventCountry "ESP"]
[Source "lmi"]
[SourceDate "2010.07.18"]

1. b3 Nf6 2. Bb2 e6 3. Nf3 b6 4. e3 Bb7 5. Be2 Be7 6. c4 O-O 7. d3 d5 8. Nbd2
Nbd7 9. O-O c5 10. Qc2 Qc7 11. Rac1 Rac8 12. Qb1 Qb8 13. Qa1 dxc4 14. bxc4 Rfd8
15. Bc3 Qa8 16. a4 Bc6 17. a5 b5 18. cxb5 Bxb5 19. Qa2 Nd5 20. Ba1 Nb4 21. Qb3
Nf6 22. Nc4 Rb8 23. Be5 Rb7 24. Rfd1 Nc6 25. Bc3 Nd5 26. Bd2 Qb8 27. Qa3 Bxc4
28. Rxc4 Ndb4 29. Bxb4 Nxb4 30. Qa4 Rbd7 31. d4 cxd4 32. Rdxd4 Rxd4 33. Rxd4
1/2-1/2

[Event "4. Open Hotel Avenida de Canarias 2010"]
[Site "Vecindario ESP"]
[Date "2010.07.20"]
[Round "4.30"]
[White "Korneev, Svyatoslav"]
[Black "Fidalgo Fernandez, Lucia"]
[Result "0-1"]
[WhiteElo "1724"]
[BlackElo "2102"]
[PlyCount "72"]
[EventDate "2010.07.18"]
[EventType "swiss"]
[EventRounds "9"]
[EventCountry "ESP"]
[Source "lmi"]
[SourceDate "2010.07.18"]

1. c4 e5 2. Nc3 Nc6 3. g3 Bb4 4. Bg2 Bxc3 5. dxc3 d6 6. e4 Be6 7. Qd3 Nge7 8.
Nf3 h6 9. Nh4 Qd7 10. Be3 g5 11. Nf3 f5 12. Ng1 f4 13. Bd2 O-O-O 14. O-O-O Ng6
15. h4 fxg3 16. hxg5 gxf2 17. Nf3 h5 18. Be3 h4 19. Qe2 h3 20. Bf1 Bg4 21. Qxf2
Rdf8 22. Be2 Bxf3 23. Bxf3 Nh4 24. Rdf1 Rxf3 25. Qg1 Rxf1+ 26. Qxf1 Ng6 27. Qf6
Nce7 28. Qf3 a6 29. b3 h2 30. Qf2 Qh3 31. Bd2 Nf4 32. Bxf4 exf4 33. Qd4 Qe3+
34. Qxe3 fxe3 35. Kc2 Ng6 36. Kd3 Rh3 0-1

[Event "4. Open Hotel Avenida de Canarias 2010"]
[Site "Vecindario ESP"]
[Date "2010.07.20"]
[Round "4.31"]
[White "Reyes Molina, Juan Pedro"]
[Black "Rodrigo Yanguas, Maria"]
[Result "0-1"]
[WhiteElo "1672"]
[BlackElo "2092"]
[PlyCount "60"]
[EventDate "2010.07.18"]
[EventType "swiss"]
[EventRounds "9"]
[EventCountry "ESP"]
[Source "lmi"]
[SourceDate "2010.07.18"]

1. d4 d5 2. c4 Nc6 3. Nf3 e5 4. cxd5 Qxd5 5. Nc3 Bb4 6. a3 Bxc3+ 7. bxc3 e4 8.
Ng1 Nge7 9. e3 Na5 10. Qc2 Nc4 11. Qa4+ b5 12. Bxc4 Qxc4 13. Qxc4 bxc4 14. Rb1
Nd5 15. Kd2 Bf5 16. g3 Kd7 17. Ne2 g5 18. a4 a5 19. Ba3 Bg4 20. Rb5 c6 21.
Rxd5+ cxd5 22. Nc1 Kc7 23. h4 h6 24. Be7 Kd7 25. Bf6 Rhg8 26. hxg5 hxg5 27. Be5
Ra6 28. Rh7 Ke8 29. Kc2 Bf5 30. Rh5 f6 0-1

[Event "4. Open Hotel Avenida de Canarias 2010"]
[Site "Vecindario ESP"]
[Date "2010.07.20"]
[Round "4.32"]
[White "Alvarado Diaz, Alejandro"]
[Black "Jimenez Mendoza, Jose Miguel"]
[Result "1-0"]
[WhiteElo "2068"]
[BlackElo "1696"]
[PlyCount "61"]
[EventDate "2010.07.18"]
[EventType "swiss"]
[EventRounds "9"]
[EventCountry "ESP"]
[Source "lmi"]
[SourceDate "2010.07.18"]

1. a3 Nf6 2. c4 e6 3. e3 d5 4. Nf3 Be7 5. Nc3 Nbd7 6. d4 O-O 7. Bd3 dxc4 8.
Bxc4 Nb6 9. Bd3 c5 10. dxc5 Bxc5 11. O-O Bd7 12. Qe2 Bc6 13. e4 Qc7 14. Bg5 Be7
15. Rac1 Rac8 16. Nb5 Qb8 17. Nbd4 Bd7 18. e5 Nfd5 19. Qe4 g6 20. Qh4 Bxg5 21.
Nxg5 h5 22. Rce1 Nc4 23. Ndxe6 Bxe6 24. Nxe6 fxe6 25. Bxc4 Rf4 26. Qh3 Rfxc4
27. Qxe6+ Kg7 28. Qd7+ Kf8 29. Qxd5 R8c5 30. Qd7 Qc7 31. e6 1-0

[Event "4. Open Hotel Avenida de Canarias 2010"]
[Site "Vecindario ESP"]
[Date "2010.07.20"]
[Round "4.33"]
[White "Galiana Canillas, Antonio"]
[Black "Stojanovic, Kosara"]
[Result "1/2-1/2"]
[WhiteElo "1659"]
[BlackElo "1954"]
[PlyCount "24"]
[EventDate "2010.07.18"]
[EventType "swiss"]
[EventRounds "9"]
[EventCountry "ESP"]
[Source "lmi"]
[SourceDate "2010.07.18"]

1. c4 e6 2. Nc3 Nf6 3. g3 d5 4. cxd5 exd5 5. d4 Be7 6. Nf3 O-O 7. Bg2 Bf5 8.
O-O Re8 9. Bg5 c6 10. Nh4 Be6 11. Nf3 Bf5 12. Nh4 Be6 1/2-1/2

[Event "4. Open Hotel Avenida de Canarias 2010"]
[Site "Vecindario ESP"]
[Date "2010.07.20"]
[Round "4.34"]
[White "Caritg Creus, Carlos"]
[Black "Guerrero Romero, Antonio"]
[Result "0-1"]
[WhiteElo "1704"]
[BlackElo "1911"]
[PlyCount "60"]
[EventDate "2010.07.18"]
[EventType "swiss"]
[EventRounds "9"]
[EventCountry "ESP"]
[Source "lmi"]
[SourceDate "2010.07.18"]

1. Nf3 Nf6 2. b3 c5 3. Bb2 Nc6 4. e3 d5 5. Bb5 Bg4 6. h3 Bh5 7. O-O e6 8. c4
Qb6 9. Bxc6+ Qxc6 10. g4 Bg6 11. Ne5 Qc7 12. f4 dxc4 13. Nxc4 Bd3 14. Rf2 Ne4
15. Rg2 Rd8 16. Ne5 Ba6 17. Qf3 Nd6 18. f5 f6 19. fxe6 fxe5 20. Bxe5 Bb5 21.
Rf2 Bc6 22. Qg3 Qe7 23. Bxd6 Qxd6 24. Qxd6 Rxd6 25. Na3 Rxe6 26. Raf1 a6 27.
Rf7 Re7 28. R7f5 g6 29. Rxc5 Re6 30. Ra5 Bb4 0-1

[Event "4. Open Hotel Avenida de Canarias 2010"]
[Site "Vecindario ESP"]
[Date "2010.07.20"]
[Round "4.35"]
[White "Rodriguez Perez, Jezabel"]
[Black "Santana Benitez, Romen"]
[Result "1-0"]
[WhiteElo "1905"]
[BlackElo "1573"]
[PlyCount "49"]
[EventDate "2010.07.18"]
[EventType "swiss"]
[EventRounds "9"]
[EventCountry "ESP"]
[Source "lmi"]
[SourceDate "2010.07.18"]

1. Nf3 Nf6 2. d4 b6 3. c4 e6 4. Nc3 Bb7 5. Bf4 Be7 6. h3 O-O 7. Qc2 c6 8. e4 d5
9. e5 Ne8 10. cxd5 exd5 11. Bd3 h6 12. O-O Na6 13. Qd2 g5 14. Bh2 Ng7 15. h4
Bc8 16. Rac1 Nb4 17. Bb1 Bf5 18. Bxf5 Nxf5 19. a3 Na6 20. Qd3 Qc8 21. Nxd5 Re8
22. Nxe7+ Rxe7 23. hxg5 hxg5 24. Nxg5 Qd7 25. Qxa6 1-0

[Event "4. Open Hotel Avenida de Canarias 2010"]
[Site "Vecindario ESP"]
[Date "2010.07.20"]
[Round "4.39"]
[White "Quiza Vazquez, Carolina"]
[Black "De La Hoz Sanchez, Ruben"]
[Result "0-1"]
[WhiteElo "1558"]
[BlackElo "2027"]
[PlyCount "78"]
[EventDate "2010.07.18"]
[EventType "swiss"]
[EventRounds "9"]
[EventCountry "ESP"]
[Source "lmi"]
[SourceDate "2010.07.18"]

1. d4 d5 2. c4 c6 3. Nc3 Nf6 4. Nf3 dxc4 5. a4 e6 6. e3 Bb4 7. Bxc4 Ne4 8. Qc2
Nxc3 9. bxc3 Ba5 10. Ba3 Bc7 11. O-O Bd6 12. Bxd6 Qxd6 13. Bd3 h6 14. Nd2 Nd7
15. f4 O-O 16. e4 c5 17. e5 Qc7 18. Nf3 b6 19. Rfc1 Bb7 20. f5 exf5 21. Bxf5
Rfe8 22. Re1 cxd4 23. cxd4 Qxc2 24. Bxc2 Bd5 25. Bf5 Be6 26. Bxe6 fxe6 27. Rac1
Rac8 28. Nd2 Red8 29. Ne4 Nb8 30. Nd6 Rc6 31. Kf2 Rd7 32. Ke3 Rdc7 33. Rxc6
Rxc6 34. Kd3 Na6 35. Rf1 Nb4+ 36. Ke4 Nd5 37. Rf7 Rxd6 38. Rxg7+ Kxg7 39. exd6
Kf6 0-1

[Event "4. Open Hotel Avenida de Canarias 2010"]
[Site "Vecindario ESP"]
[Date "2010.07.20"]
[Round "4.40"]
[White "Padilla Socorro, Jesus"]
[Black "Santana Gil, Odama"]
[Result "1/2-1/2"]
[WhiteElo "1814"]
[BlackElo "1606"]
[PlyCount "107"]
[EventDate "2010.07.18"]
[EventType "swiss"]
[EventRounds "9"]
[EventCountry "ESP"]
[Source "lmi"]
[SourceDate "2010.07.18"]

1. e4 e5 2. Nf3 Nc6 3. Bc4 Nf6 4. Nc3 Nxe4 5. Nxe4 d5 6. Bb5 dxe4 7. Nxe5 Qd5
8. Bxc6+ bxc6 9. Ng4 Ba6 10. Ne3 Qa5 11. c4 Bd6 12. Qg4 O-O 13. O-O Qe5 14. Qh4
f5 15. Rb1 f4 16. Ng4 Qe7 17. Qxe7 Bxe7 18. b3 Bd6 19. Bb2 Rae8 20. f3 Bc8 21.
Nf2 e3 22. dxe3 fxe3 23. Ne4 Bf4 24. g4 h5 25. h3 hxg4 26. hxg4 Kf7 27. Nc3 Rh8
28. Rfe1 Bg3 29. Re2 Rh6 30. Kg2 Bf4 31. Rh1 Bb7 32. Rxh6 gxh6 33. Bc1 c5 34.
Nd1 Rg8 35. Nxe3 Bxe3 36. Bxe3 Rxg4+ 37. Kf2 Rg6 38. Bxc5 Rf6 39. Re7+ Kg6 40.
Rxc7 Bxf3 41. Rxa7 h5 42. Kg3 Be4 43. b4 Rf3+ 44. Kh2 Bd3 45. Ra6+ Rf6 46.
Rxf6+ Kxf6 47. Bd4+ Ke6 48. c5 Bb5 49. Kg2 Kd5 50. Bf2 Kc4 51. Be1 Bc6+ 52. Kg3
Kb5 53. Bd2 Ka4 54. Kh4 1/2-1/2

[Event "4. Open Hotel Avenida de Canarias 2010"]
[Site "Vecindario ESP"]
[Date "2010.07.20"]
[Round "4.41"]
[White "Suarez Ramirez, Jonay"]
[Black "Viera Falcon, Cristo"]
[Result "0-1"]
[WhiteElo "1444"]
[BlackElo "1782"]
[PlyCount "60"]
[EventDate "2010.07.18"]
[EventType "swiss"]
[EventRounds "9"]
[EventCountry "ESP"]
[Source "lmi"]
[SourceDate "2010.07.18"]

1. d4 Nf6 2. Nf3 b6 3. c4 e6 4. Nc3 Bb4 5. Bg5 Bxc3+ 6. bxc3 Bb7 7. e3 d6 8.
Bd3 Nbd7 9. O-O h6 10. Bh4 Qe7 11. Re1 e5 12. e4 Nf8 13. d5 g5 14. Bg3 Ng6 15.
Qc2 h5 16. h3 h4 17. Bh2 g4 18. hxg4 Nxg4 19. Qa4+ Kf8 20. Rac1 a5 21. Qb3 Qf6
22. Qd1 Rd8 23. Qd2 Rh6 24. Rf1 h3 25. Be2 hxg2 26. Kxg2 Nxh2 27. Nxh2 Nf4+ 28.
Kg1 Rxh2 29. Kxh2 Qh4+ 30. Kg1 Qg5+ 0-1

[Event "4. Open Hotel Avenida de Canarias 2010"]
[Site "Vecindario ESP"]
[Date "2010.07.21"]
[Round "5.3"]
[White "Vera Gonzalez-Quevedo, Reynaldo"]
[Black "Garcia Blanco, Omar"]
[Result "1-0"]
[WhiteElo "2513"]
[BlackElo "2179"]
[PlyCount "135"]
[EventDate "2010.07.18"]
[EventType "swiss"]
[EventRounds "9"]
[EventCountry "ESP"]
[Source "lmi"]
[SourceDate "2010.07.18"]

1. d4 Nf6 2. Nf3 c5 3. d5 d6 4. Nc3 g6 5. e4 Bg7 6. Bb5+ Bd7 7. a4 O-O 8. O-O
Qc7 9. h3 a6 10. Be2 Be8 11. Bf4 Nbd7 12. Re1 Rb8 13. Bh2 c4 14. Bf1 Ne5 15.
Nxe5 dxe5 16. a5 Bb5 17. Qd2 Ne8 18. Kh1 Rc8 19. Qg5 h6 20. Qe3 Qc5 21. Qe2 g5
22. h4 Qd6 23. hxg5 hxg5 24. Qg4 Bd7 25. Qxg5 Qg6 26. Qxg6 fxg6 27. Kg1 Nd6 28.
Na4 Bxa4 29. Rxa4 Rc5 30. f3 Rfc8 31. Rea1 Rb5 32. R1a2 Kf7 33. Bg3 Kf6 34. Be1
Bh6 35. Kf2 Bc1 36. Rb4 Rcc5 37. Rxb5 Rxb5 38. Bc3 b6 39. Ke2 bxa5 40. Kd1 Be3
41. Bxa5 Bd4 42. c3 Bc5 43. Kc2 Kg5 44. Bd8 Rb7 45. Rxa6 Kf4 46. Rc6 Bf2 47.
Bxc4 Nxc4 48. Rxc4 Kg3 49. Rc7 Rxc7 50. Bxc7 Kxg2 51. Kd3 Kxf3 52. b4 g5 53. b5
g4 54. b6 g3 55. b7 g2 56. b8=Q g1=Q 57. Qf8+ Kg2 58. Qg7+ Bg3 59. Bxe5 Qb1+
60. Kd4 Qb6+ 61. Kc4 Qa6+ 62. Kc5 Qa5+ 63. Kc6 Qa4+ 64. Kc7 Qa7+ 65. Kd8 Qb6+
66. Ke8 Qb5+ 67. Kf7 Qf1+ 68. Kg8 1-0

[Event "4. Open Hotel Avenida de Canarias 2010"]
[Site "Vecindario ESP"]
[Date "2010.07.21"]
[Round "5.4"]
[White "Vidarte Morales, Arturo"]
[Black "Andres Gonzalez, Alberto"]
[Result "1/2-1/2"]
[WhiteElo "2409"]
[BlackElo "2492"]
[PlyCount "22"]
[EventDate "2010.07.18"]
[EventType "swiss"]
[EventRounds "9"]
[EventCountry "ESP"]
[Source "lmi"]
[SourceDate "2010.07.18"]

1. d4 Nf6 2. c4 e6 3. Nc3 Bb4 4. Bg5 h6 5. Bh4 Qe7 6. e3 Bxc3+ 7. bxc3 d6 8.
Nf3 Nbd7 9. Nd2 b6 10. Qc2 Bb7 11. f3 g5 1/2-1/2

[Event "4. Open Hotel Avenida de Canarias 2010"]
[Site "Vecindario ESP"]
[Date "2010.07.21"]
[Round "5.5"]
[White "Perez Felipe, Marcos Adrian"]
[Black "Larino Nieto, David"]
[Result "1/2-1/2"]
[WhiteElo "2273"]
[BlackElo "2461"]
[PlyCount "71"]
[EventDate "2010.07.18"]
[EventType "swiss"]
[EventRounds "9"]
[EventCountry "ESP"]
[Source "lmi"]
[SourceDate "2010.07.18"]

1. d4 e6 2. c4 c5 3. d5 exd5 4. cxd5 d6 5. Nc3 g6 6. e4 Bg7 7. f4 Qh4+ 8. g3
Qe7 9. Bg2 Nf6 10. Nge2 h5 11. h3 a6 12. a4 Nbd7 13. Be3 Rb8 14. Rb1 O-O 15.
O-O Nxe4 16. Nxe4 f5 17. Bxc5 Nxc5 18. Nxc5 Qe3+ 19. Kh2 Qxc5 20. Ng1 Bd7 21.
Nf3 Rfc8 22. Ng5 Qc2 23. Qf3 Bxa4 24. Qa3 Bf8 25. Qe3 Re8 26. Ne6 Bb5 27. Rfe1
Qd3 28. Qb6 Rbc8 29. Rbd1 Qb3 30. Nxf8 Rc2 31. Qxd6 Rxg2+ 32. Kxg2 Qc2+ 33. Kg1
Re2 34. Qxg6+ Kxf8 35. Qh6+ Kg8 36. Qg6+ 1/2-1/2

[Event "4. Open Hotel Avenida de Canarias 2010"]
[Site "Vecindario ESP"]
[Date "2010.07.21"]
[Round "5.6"]
[White "Barlov, Dragan"]
[Black "Morales Camacho, Julian"]
[Result "1-0"]
[WhiteElo "2493"]
[BlackElo "2223"]
[PlyCount "165"]
[EventDate "2010.07.18"]
[EventType "swiss"]
[EventRounds "9"]
[EventCountry "ESP"]
[Source "lmi"]
[SourceDate "2010.07.18"]

1. c4 e6 2. Nf3 d5 3. d4 Nf6 4. Nc3 Bb4 5. Qa4+ Nc6 6. e3 O-O 7. Be2 dxc4 8.
Bxc4 a6 9. Qd1 Bd6 10. Be2 e5 11. d5 Ne7 12. e4 Ng6 13. O-O Qe7 14. Ne1 Bd7 15.
Nc2 h6 16. Ne3 Nf4 17. Nc4 Nxe2+ 18. Qxe2 b5 19. Nxd6 cxd6 20. a3 Rfe8 21. f3
Qd8 22. Be3 Qb8 23. Rfc1 Qb7 24. Qd2 Rec8 25. Na2 Rxc1+ 26. Nxc1 Rc8 27. Nd3
Ne8 28. h3 f5 29. Rc1 fxe4 30. fxe4 Rxc1+ 31. Qxc1 Nf6 32. Nf2 Qc8 33. Qxc8+
Bxc8 34. Bd2 Kf7 35. Kf1 Ke7 36. Ke2 Bd7 37. Kf3 Be8 38. g4 Nd7 39. Be3 Bg6 40.
b4 Kf7 41. Nh1 Ke7 42. Ng3 Nf6 43. Bd2 Kf7 44. g5 hxg5 45. Bxg5 Nd7 46. Bd8 Nf6
47. Bxf6 Kxf6 48. Kg4 Be8 49. h4 Bd7+ 50. Kf3 Kg6 51. Nf1 Kh5 52. Kg3 Kg6 53.
Nd2 Kf6 54. Nb3 Be8 55. Na5 Bg6 56. Kf3 Bh5+ 57. Kg3 Bg6 58. Kf3 Bh5+ 59. Ke3
Bg4 60. Kf2 Bd7 61. Kg3 Be8 62. Nc6 Bd7 63. Na5 Be8 64. Kg4 Bd7+ 65. Kf3 Be8
66. Nb7 Bh5+ 67. Kg3 Ke7 68. Kf2 Bg6 69. Ke3 Be8 70. Na5 Kd8 71. Nb3 Ke7 72.
Kf3 Bh5+ 73. Kg3 Bg6 74. Nd2 Kf6 75. Kg4 Be8 76. h5 Bd7+ 77. Kh4 Be8 78. Nf1
Bd7 79. Ne3 Bc8 80. Ng4+ Kf7 81. Kg5 Bd7 82. Ne3 Bh3 83. Nf5 1-0